| 000 | 00751nam a2200217Ii 4500 | ||
|---|---|---|---|
| 003 | JO-AjNU | ||
| 008 | 230605s9999||||xx |||||||||||||| ||und|| | ||
| 017 | _a93-11426 | ||
| 020 | _a977-05-1264-7 | ||
| 040 |
_aJO-AjNU _bara _erda _cJO-AjNU |
||
| 041 | _aara | ||
| 050 | 1 | 4 | _aTK911. S25 1994 |
| 100 | 3 |
_aتاليف سعيد، سامي عبد القادر , _eauthor _935218 |
|
| 245 | 0 | 0 | _aالمهارات العملية لفن الخدمة الفندقية |
| 264 | 3 | 1 | _a القاهرة:مكتبة الانجلو الامريكية، 1994 |
| 300 | _a272ص | ||
| 336 |
_atext _btxt _2rdacontent |
||
| 337 |
_aunmediated _bn _2rdamedia |
||
| 338 |
_avolume _bnc _2rdacarrier |
||
| 650 | 4 |
_aالمهارات العملية-فنادق _935219 |
|
| 999 |
_aA14517 _c18085 _d18085 |
||